Lexikon der Biologie in acht Bänden Allgemeine Biologie. Pflanzen. Tiere Bd . 4, Geho-Kas

Saved in:
Bibliographic Details
Other Authors: Bogenrieder, Arno (Fachb.)
Format: Book
Language:German
Published: Freiburg Herder 1984
Online Access:View in OPAC
Tags: Add Tag
No Tags, Be the first to tag this record!

MARC

LEADER 00000nam a2200000 a 4500
005 20260127134149.0
008 090312 1985 gw 000 0 ger d
020 |a 3451196441 
035 |a vtls009482719 
039 9 |y 200903121053  |z mschk03 
040 |a STUSCHK1  |b slo  |c STUSCHK1  |e AACR2 
080 |a 030.8:57 
080 |a 57:030.8 
245 1 |a Lexikon der Biologie in acht Bänden  |b Allgemeine Biologie. Pflanzen. Tiere  |n Bd . 4, Geho-Kas  |c Fachbereiter Arno Bogenrieder, [et. al.] 
260 |a Freiburg  |b Herder  |c 1984 
300 |a 444 s.  |b il.  |c 24,5 cm 
700 1 |a Bogenrieder, Arno  |4 Fachb. 
910 |a SCHK95 
919 |a 3-451-19644-1 
999 |c 5584  |d 5584